Statistics for Soccer Legends

Click here to take the quiz!

General Stats

  • This quiz has been taken 807 times
  • The average score is 8 of 15

Answer Stats

HintAnswer% Correct
Argentina, "Hand of God"Diego Maradona
98%
Brazil, "O Rei"Pele
95%
Germany, "Der Bomber"Gerd Muller
70%
Portugal, "Black Panther"Eusebio
58%
Hungary, "Ocsi"Ferenc Puskas
58%
Germany, "Der Kaiser"Franz Beckenbauer
57%
Uni Soviet, "The Black Spider"Lev Yashin
55%
Netherlands, "The Flying Dutchman"Johan Cruyff
52%
Italy, "The Divine Ponytail"Roberto Baggio
49%
Netherlands, "The Black Tulip"Ruud Gullit
48%
France, "Le Roi"Michel Platini
42%
Brazil, "Angel with Bent Legs"Garrincha
40%
Argentina/Spain, "Blond Arrow"Alfredo Di Stefano
38%
England, "The First Gentleman of English Football"Bobby Moore
34%
Brazil, "White Pele"Zico
32%

Score Distribution

Percentile by Number Answered

Percent of People with Each Score

Your Score History

You have not taken this quiz